Determinación de los rendimientos y caracterización de aceites esenciales obtenidos por hidrodestilación a partir de Lippia alba y Rosmarinus officinalis
Uloženo v:
| Hlavní autor: | |
|---|---|
| Médium: | Kniha |
| Jazyk: | Spanish |
| Vydáno: |
San José, Costa Rica
2016
|
| Témata: | |
| Tagy: |
Přidat tag
Žádné tagy, Buďte první, kdo vytvoří štítek k tomuto záznamu!
|
MARC
| LEADER | 00000nam a22000007a 4500 | ||
|---|---|---|---|
| 003 | 012566 | ||
| 005 | 20221231144144.0 | ||
| 008 | 170302b2016 cr a|||| m||| 00| ||spa d | ||
| 040 | |c cru CEDI | ||
| 090 | |a TFG 7717 | ||
| 100 | |9 6779 |a Ovares Rodríguez, Jessica | ||
| 245 | |a Determinación de los rendimientos y caracterización de aceites esenciales obtenidos por hidrodestilación a partir de Lippia alba y Rosmarinus officinalis | ||
| 260 | |a San José, Costa Rica |c 2016 | ||
| 300 | |a iv, 124 hojas ;ilustraciones a color | ||
| 500 | |a Proyecto de graduación (licenciatura en ingeniería química)--Universidad de Costa Rica. Facultad de Ingeniería. Escuela de Ingeniería Química | ||
| 650 | |x ESENCIAS Y ACEITES ESENCIALES - ANALISIS |x ESENCIAS Y ACEITES ESENCIALES - PRUEBAS |x BOTANICA MEDICA |x JUANILAMA |x COMPOSICION QUIMICA |x ESENCIAS Y ACEITES ESENCIALES |x ROMERO |9 6780 | ||
| 942 | |c TFG | ||
| 999 | |c 17683 |d 17683 | ||
